Giáo trình xã hội học pháp luật
Nội dung sách bao gồm nhập môn xã hội học pháp luật, phương pháp điều tra xã hội học pháp luật, mối liên hệ giữa pháp luật và cơ cấu xã hội, ....
Sparad:
| Huvudupphovsman: | |
|---|---|
| Övriga upphovsmän: | |
| Materialtyp: | Bok |
| Språk: | Vietnamese |
| Publicerad: |
H.
Tư pháp
2018
|
| Ämnen: | |
| Taggar: |
Lägg till en tagg
Inga taggar, Lägg till första taggen!
|
| Thư viện lưu trữ: | Thư viện Trường Đại học Nam Cần Thơ |
|---|
| LEADER | 01788nam a22002657a 4500 | ||
|---|---|---|---|
| 001 | NCT_66553 | ||
| 008 | 190813b xxu||||| |||| 00| 0 vie d | ||
| 999 | |c 3217 |d 3217 | ||
| 020 | |a 9786048112820 |c 51000 | ||
| 082 | 0 | 4 | |2 23rd ed. |a 345.115 |b Nh121 |
| 100 | 1 | |a Ngọ Văn Nhân |e Chủ biên | |
| 245 | 1 | 0 | |a Giáo trình xã hội học pháp luật |c Ngọ Văn Nhân (chủ biên) ; Phan Thị Luyện |
| 260 | |a H. |b Tư pháp |c 2018 | ||
| 300 | |a 390 tr. |c 21cm | ||
| 500 | |a ĐTTS ghi: Trường Đại học Luật Hà Nội | ||
| 520 | 3 | |a Nội dung sách bao gồm nhập môn xã hội học pháp luật, phương pháp điều tra xã hội học pháp luật, mối liên hệ giữa pháp luật và cơ cấu xã hội, .... | |
| 653 | |a Luật học | ||
| 700 | 1 | |a Phan Thị Luyện | |
| 942 | |2 ddc |c BK | ||
| 952 | |0 0 |1 0 |2 ddc |4 0 |6 345_115000000000000_NH121 |7 0 |9 17380 |a 000001 |b 000001 |d 2019-08-13 |o 345.115 Nh121 |p MD.15796 |r 2019-08-13 |v 51000.00 |w 2019-08-13 |y BK | ||
| 952 | |0 0 |1 0 |2 ddc |4 0 |6 345_115000000000000_NH121 |7 0 |9 17381 |a 000001 |b 000001 |d 2019-08-13 |l 3 |m 1 |o 345.115 Nh121 |p MD.15797 |r 2020-07-31 |s 2020-07-22 |v 51000.00 |w 2019-08-13 |y BK | ||
| 952 | |0 0 |1 0 |2 ddc |4 0 |6 345_115000000000000_NH121 |7 0 |9 17382 |a 000001 |b 000001 |d 2019-08-13 |l 2 |o 345.115 Nh121 |p MD.15799 |r 2020-06-18 |s 2020-06-16 |v 51000.00 |w 2019-08-13 |y BK | ||
| 952 | |0 0 |1 0 |2 ddc |4 0 |6 345_115000000000000_NH121 |7 0 |9 17383 |a 000001 |b 000001 |d 2019-08-13 |l 2 |o 345.115 Nh121 |p MD.15800 |r 2020-08-17 |s 2020-07-23 |v 51000.00 |w 2019-08-13 |y BK | ||
| 952 | |0 0 |1 0 |2 ddc |4 0 |6 345_115000000000000_NH121 |7 0 |9 18111 |a 000001 |b 000001 |d 2019-10-11 |l 2 |o 345.115 Nh121 |p MD.15798 |r 2020-08-13 |s 2020-07-27 |v 51000.00 |w 2019-10-11 |y BK | ||
| 980 | |a Thư viện Trường Đại học Nam Cần Thơ | ||


